| 000 | 00591nam a2200157 a 4500 | ||
|---|---|---|---|
| 001 | 000026826 | ||
| 005 | 20200930030432.0 | ||
| 008 | 110325s1986 dr 000 0 spa d | ||
| 040 |
_aDO-SdBNP _bspa _cBNPHU |
||
| 082 |
_axxx _bR426i |
||
| 110 | 1 |
_aRepública Dominicana _bSecretaría de Estado de Industria y Comercio _936704 |
|
| 245 | 1 | 0 | _aInformative guide of incentives for applicants of the law 409 of agroindustrial development, incentive and protection. |
| 260 |
_aSanto Domingo : _bSecretaría de Estado de Industria y Comercio, _c1986. |
||
| 300 |
_a101 p. ; _c24 cm. |
||
| 049 | _aBNPD | ||
| 999 |
_c26318 _d26318 |
||